| 000 -LEADER |
| fixed length control field |
00643nam a22002057a 4500 |
| 008 - FIXED-LENGTH DATA ELEMENTS--GENERAL INFORMATION |
| fixed length control field |
131010b xxu||||| |||| 00| 0 eng d |
| 041 0# - LANGUAGE CODE |
| Language code of text/sound track or separate title |
eng |
| 080 ## - UNIVERSAL DECIMAL CLASSIFICATION NUMBER |
| Universal Decimal Classification number |
159.9 |
| 100 1# - Rafti |
| Rafti |
Kaplan, Abraham, |
| 100 1# - Rafti |
| -- |
1918-1993. |
| 245 10 - TITLE STATEMENT |
| Title |
The conduct of inquiry; |
| Statement of responsibility, etc |
Abraham Kaplan |
| 260 ## - |
| -- |
San Francisco, |
| -- |
Chandler Pub. Co. |
| -- |
[1964] |
| 300 ## - |
| -- |
428 f. : |
| -- |
23 cm. |
| 490 1# - |
| -- |
Chandler publications in anthropology and sociology |
| 500 ## - |
| -- |
Preface f. : XV-XVI |
| 505 ## - |
| -- |
Bibliography: p. 411-415. |
| 650 #0 - |
| -- |
Shkencat shoqërore |
| -- |
Metodologjia |
| 650 #0 - |
| -- |
Sjellja |
| 650 #0 - |
| -- |
Logjika |
| 942 ## - ADDED ENTRY ELEMENTS (KOHA) |
| Source of classification or shelving scheme |
|
| Item type |
Books |